Ancient Egypt ; A Photographic History /

Saved in:

Main Author: Nigel Fletcher-Jones Author.

Format: Book

Language: English

Published: Cairo : American University in Cairo, 2024.

Subjects:

Tags: Add Tag

No Tags, Be the first to tag this record!

Call Number: On Hold

LEADER 00572nam a22001937a 4500
003 OSt
005 20260505060908.0
008 260505t2024||||ch ob |||||||||| ||eng||
020 |a 978649034014 
050 1 4 |a On Hold 
100 0 |a Nigel Fletcher-Jones   |d Author. 
245 1 0 |a Ancient Egypt ;   |b A Photographic History /   |c Nigel Fletcher-Jones. 
264 1 |a Cairo :   |b American University in Cairo,  |c 2024. 
300 |a 223 pages :   |b color illustrations, color map ;   |c 25 cm. 
650 4 |a 332 B.C 
650 4 |a Civilization 
650 4 |a History 
942 |2 lcc  |c BK 
999 |c 61917  |d 61917